| 000 | 00578nam a22001817a 4500 | ||
|---|---|---|---|
| 010 | _aENG-120578 | ||
| 020 |
_c1000.00 _a9788191002287 |
||
| 035 | _aEN-104110 | ||
| 037 | _bDBAD/PUB | ||
| 082 | _a495.54 | ||
| 100 | _aPramodini, N. | ||
| 245 |
_aManipuri : _cby N. Pramodini _ba social grammer / |
||
| 260 |
_aNew Delhi _bSunrise Publications _c2011 |
||
| 270 |
_bNew Delhi _e110092 _aB-7, Saraswati Complex, Subhash Chowk, |
||
| 300 |
_aviii,284p. _b21cm(Hb). |
||
| 500 | _aIncludes bibliographical reference and index | ||
| 942 |
_2ddc _cEN _h495.54 _mPRA |
||
| 999 |
_c144673 _d144673 |
||